| 000 | 00457nam a22001817a 4500 | ||
|---|---|---|---|
| 003 | SGT | ||
| 020 | _a9780867151285 | ||
| 082 |
_a617.522044 _bC84S |
||
| 100 | _aSanger, Roger G. | ||
| 245 | _aClinical Management of child abuse and neglect | ||
| 250 | _a1st | ||
| 260 |
_bQuintessence Books _c1984 |
||
| 300 | _a168 | ||
| 650 | _aClinical Management | ||
| 653 | _aChild abuse; Clinical management | ||
| 700 | _aBross, Donald C. | ||
| 942 |
_2ddc _cBK |
||
| 999 |
_c22854 _d22854 |
||